000 00533nam a2200217Ia 4500
005 20140403162754.0
008 140130s9999 xx 000 0 und d
020 _a0439253349
050 _aPZ 7
_b.M9542Iae 2000
100 _aMurphy, Mary.
_931126
245 _cMary Murphy.
_aI Like it When... /
260 _bScholastic,
_cc2000.
_aUSA :
300 _a24 p. :
_bill. col. ;
_c18 cm.
440 _v1
_931127
521 _aBR
526 _cBR
942 _cBK
_2lcc
999 _c41510
_d41510